100 premières cryptomonnaies par capitalisation - Statistiques

Statistiques générales
  • Ce quiz a été pris 173 fois
  • Le résultat moyen est 33 sur 100
Statistiques - réponses
# Nom sur CoinMarketCap Symbole % Correct
1 Bitcoin BTC
100%
2 Ethereum ETH
99%
9 Solana SOL
85%
4 USD Coin USDC
80%
10 Dogecoin DOGE
79%
5 Binance Coin BNB
77%
3 Tether USDT
77%
16 Shiba Inu SHIB
72%
20 Litecoin LTC
71%
7 Ripple XRP
71%
22 Uniswap UNI
68%
15 Avalanche AVAX
66%
14 Dai DAI
66%
6 Cardano ADA
65%
8 Binance USD BUSD
63%
11 Polkadot DOT
62%
12 Wrapped Bitcoin WBTC
59%
27 Chainlink LINK
54%
21 NEAR Protocol NEAR
54%
42 Aave AAVE
50%
17 Polygon MATIC
50%
36 ApeCoin APE
49%
19 Cronos CRO
48%
82 Gala GALA
46%
13 TRON TRX
46%
45 EOS EOS
44%
70 USDD USDD
44%
41 Filecoin FIL
43%
63 Neo NEO
43%
30 Algorand ALGO
42%
69 OKB OKB
42%
40 The Sandbox SAND
42%
28 Ethereum Classic ETC
40%
72 Dash DASH
39%
31 Flow FLOW
39%
32 Vechain VET
39%
29 Cosmos ATOM
37%
76 CELO CELO
37%
86 Amp AMP
36%
64 Chiliz CHZ
36%
81 Kava KAVA
36%
89 Mina MINA
36%
99 BORA BORA
35%
68 Nexo NEXO
35%
59 Fantom FTM
34%
44 TrueUSD TUSD
33%
23 FTX Token FTT
32%
47 Theta Network THETA
32%
34 Decentraland MANA
31%
66 PancakeSwap CAKE
30%
38 Elrond EGLD
30%
95 Qtum QTUM
30%
51 Waves WAVES
27%
77 Basic Attention Token BAT
25%
80 Enjin Coin ENJ
25%
26 Stellar XLM
25%
24 Monero XMR
25%
46 Axie Infinity AXS
23%
55 Bitcoin SV BSV
23%
54 The Graph GRT
23%
87 XDC Network XDC
23%
93 Fei USD FEI
22%
98 1inch Network 1INCH
20%
91 Arweave AR
20%
25 Bitcoin Cash BCH
20%
35 Internet Computer ICP
20%
18 UNUS SED LEO LEO
20%
73 PAX Gold PAXG
20%
49 Maker MKR
19%
97 Bitcoin Gold BTG
18%
33 Hedera HBAR
18%
94 Compound COMP
17%
71 Zilliqa ZIL
17%
74 Kusama KSM
16%
37 Tezos XTZ
16%
78 Curve DAO Token CRV
15%
84 Gnosis GNO
15%
48 Klaytn KLAY
15%
62 Quant QNT
15%
75 STEPN GMT
13%
92 GateToken GT
13%
53 BitTorrent-New BTT
12%
50 Huobi Token HT
11%
39 KuCoin Token KCS
11%
65 Stacks STX
11%
96 Kadena KDA
9%
61 Neutrino USD USDN
8%
79 Convex Finance CVX
6%
85 Decred DCR
6%
90 Holo HOT
6%
83 Harmony ONE
6%
43 Zcash ZEC
6%
52 Helium HNT
5%
58 THORChain RUNE
5%
57 Iota MIOTA
4%
56 Pax Dollar USDP
4%
88 NEM XEM
4%
100 ICON ICX
3%
60 eCash XEC
2%
67 Loopring LRC
0%
Aucun quiz correspondant
Distribution des résultats
% des personnes avec chaque résultat
Percentile par nombre de réponses
Votre historique - résultats
Vous n’avez pas pris ce quiz